|
|
|
|
| LEADER |
01000cam a2200265 c 4500 |
| 001 |
371907721 |
| 003 |
DE-627 |
| 005 |
20260309114150.0 |
| 007 |
tu |
| 008 |
031020s1993 gw ||||| m 00| ||ger c |
| 015 |
|
|
|a 93,N38,0322
|2 dnb
|
| 015 |
|
|
|a 94,H09,0679
|2 dnb
|
| 016 |
7 |
|
|a 931360757
|2 DE-101
|
| 020 |
|
|
|a 3884740814
|q Klartext-Verl., Essen (kart.) : DM 22.00
|
| 035 |
|
|
|a (DE-627)371907721
|
| 035 |
|
|
|a (DE-576)035683783
|
| 035 |
|
|
|a (DE-599)GBV371907721
|
| 035 |
|
|
|a (OCoLC)249271099
|
| 035 |
|
|
|a (OCoLC)643126557
|
| 035 |
|
|
|a (OCoLC)174435046
|
| 040 |
|
|
|a DE-627
|b ger
|c DE-627
|e rakwb
|
| 041 |
|
|
|a ger
|
| 044 |
|
|
|c XA-DE
|
| 084 |
|
|
|a 22
|2 sdnb
|
| 084 |
|
|
|a 22
|a 14
|2 sdnb
|
| 084 |
|
|
|a 9,10
|2 ssgn
|
| 084 |
|
|
|a DI 1000
|2 rvk
|0 (DE-625)rvk/19574:761
|
| 084 |
|
|
|a 79.62
|2 bkl
|
| 100 |
1 |
|
|8 1\p
|a Sting, Wolfgang
|d 1957-
|e verfasserin
|0 (DE-588)172514126
|0 (DE-627)697450791
|0 (DE-576)133374564
|4 aut
|
| 245 |
1 |
0 |
|a Wildwuchs und Vielfalt
|b kulturpädagogische Arbeit in Metropolen
|c Wolfgang Sting
|
| 246 |
3 |
3 |
|a Vernetzung und Wildwuchs
|
| 264 |
|
1 |
|a Hagen
|b Kulturpolitische Gesellschaft [u.a.]
|c 1993
|
| 300 |
|
|
|a 181 S
|b Ill., graph. Darst
|c 23 cm
|
| 336 |
|
|
|a Text
|b txt
|2 rdacontent
|
| 337 |
|
|
|a ohne Hilfsmittel zu benutzen
|b n
|2 rdamedia
|
| 338 |
|
|
|a Band
|b nc
|2 rdacarrier
|
| 490 |
1 |
|
|a Edition Umbruch
|v Bd. 4
|
| 502 |
|
|
|a Zugl.: Bielefeld, Univ., Diss., 1993
|
| 505 |
8 |
|
|a Literaturverz. S. 173 - 180
|
| 583 |
1 |
|
|a Archivierung/Langzeitarchivierung gewährleistet
|f SSG
|x XA-DE-BW
|2 pdager
|5 DE-16
|
| 655 |
|
7 |
|a Hochschulschrift
|0 (DE-588)4113937-9
|0 (DE-627)105825778
|0 (DE-576)209480580
|2 gnd-content
|
| 689 |
0 |
0 |
|D s
|0 (DE-588)4125924-5
|0 (DE-627)105736309
|0 (DE-576)209580739
|a Metropole
|2 gnd
|
| 689 |
0 |
1 |
|D s
|0 (DE-588)4165984-3
|0 (DE-627)105436135
|0 (DE-576)209899131
|a Kulturpädagogik
|2 gnd
|
| 689 |
0 |
|
|5 DE-101
|
| 751 |
|
|
|a Bielefeld
|0 (DE-588)4006510-8
|0 (DE-627)106377272
|0 (DE-576)20886590X
|4 uvp
|
| 776 |
0 |
8 |
|i Ein Teil der Auflage erschien u.d.T.
|a Sting, Wolfgang: Vernetzung und Wildwuchs
|
| 830 |
|
0 |
|a Edition Umbruch
|v 4
|9 4
|w (DE-627)470957697
|w (DE-576)034247777
|w (DE-600)2166397-X
|x 2702-9085
|7 am
|
| 856 |
4 |
2 |
|u https://digitale-objekte.hbz-nrw.de/storage/2008/12/15/file_19/2688434.pdf
|m V:DE-605
|m X:migimw
|q application/pdf
|v 2025-07-00
|3 Inhaltsverzeichnis
|7 1
|
| 883 |
|
|
|8 1\p
|a cgwrk
|d 20241001
|q DE-101
|u https://d-nb.info/provenance/plan#cgwrk
|
| 889 |
|
|
|w (DE-576)048691011
|
| 889 |
|
|
|w (DE-627)127666575
|
| 912 |
|
|
|a GBV_ILN_20
|
| 912 |
|
|
|a ISIL_DE-84
|
| 912 |
|
|
|a SYSFLAG_1
|
| 912 |
|
|
|a GBV_KXP
|
| 912 |
|
|
|a GBV_ILN_22
|
| 912 |
|
|
|a ISIL_DE-18
|
| 912 |
|
|
|a GBV_ILN_22_i30716
|
| 912 |
|
|
|a GBV_ILN_24
|
| 912 |
|
|
|a ISIL_DE-8
|
| 912 |
|
|
|a GBV_ILN_39
|
| 912 |
|
|
|a ISIL_DE-547
|
| 912 |
|
|
|a GBV_ILN_40
|
| 912 |
|
|
|a ISIL_DE-7
|
| 912 |
|
|
|a GBV_ILN_40_i160
|
| 912 |
|
|
|a GBV_ILN_62
|
| 912 |
|
|
|a ISIL_DE-28
|
| 912 |
|
|
|a GBV_ILN_65
|
| 912 |
|
|
|a ISIL_DE-3
|
| 912 |
|
|
|a GBV_ILN_65_a044
|
| 912 |
|
|
|a GBV_ILN_70
|
| 912 |
|
|
|a ISIL_DE-89
|
| 912 |
|
|
|a GBV_ILN_90
|
| 912 |
|
|
|a ISIL_DE-Hil2
|
| 912 |
|
|
|a GBV_ILN_132
|
| 912 |
|
|
|a ISIL_DE-959
|
| 912 |
|
|
|a GBV_ILN_151
|
| 912 |
|
|
|a ISIL_DE-546
|
| 912 |
|
|
|a GBV_ILN_161
|
| 912 |
|
|
|a ISIL_DE-960
|
| 912 |
|
|
|a GBV_ILN_165
|
| 912 |
|
|
|a ISIL_DE-834
|
| 912 |
|
|
|a GBV_ILN_181
|
| 912 |
|
|
|a GBV_ILN_181_b050
|
| 912 |
|
|
|a GBV_ILN_183
|
| 912 |
|
|
|a GBV_ILN_183_b21602
|
| 912 |
|
|
|a GBV_ILN_186
|
| 912 |
|
|
|a ISIL_DE-519
|
| 912 |
|
|
|a GBV_ILN_235
|
| 912 |
|
|
|a ISIL_DE-616
|
| 912 |
|
|
|a GBV_ILN_235_M07
|
| 912 |
|
|
|a GBV_ILN_350
|
| 912 |
|
|
|a ISIL_DE-2795
|
| 912 |
|
|
|a GBV_ILN_350_
|
| 912 |
|
|
|a GBV_ILN_2002
|
| 912 |
|
|
|a ISIL_DE-21-52
|
| 912 |
|
|
|a GBV_ILN_2005
|
| 912 |
|
|
|a ISIL_DE-Sa16
|
| 912 |
|
|
|a GBV_ILN_2006
|
| 912 |
|
|
|a ISIL_DE-14
|
| 912 |
|
|
|a GBV_ILN_2007
|
| 912 |
|
|
|a ISIL_DE-352
|
| 912 |
|
|
|a GBV_ILN_2011
|
| 912 |
|
|
|a ISIL_DE-16
|
| 912 |
|
|
|a GBV_ILN_2014
|
| 912 |
|
|
|a ISIL_DE-90
|
| 912 |
|
|
|a GBV_ILN_2018
|
| 912 |
|
|
|a ISIL_DE-31
|
| 912 |
|
|
|a GBV_ILN_2020
|
| 912 |
|
|
|a ISIL_DE-Ch1
|
| 912 |
|
|
|a GBV_ILN_2031
|
| 912 |
|
|
|a ISIL_DE-Lg1
|
| 912 |
|
|
|a GBV_ILN_2038
|
| 912 |
|
|
|a ISIL_DE-752
|
| 912 |
|
|
|a GBV_ILN_2057
|
| 912 |
|
|
|a ISIL_DE-L189
|
| 912 |
|
|
|a GBV_ILN_2337
|
| 912 |
|
|
|a ISIL_DE-D15
|
| 912 |
|
|
|a GBV_ILN_2446
|
| 912 |
|
|
|a ISIL_DE-Rt3
|
| 935 |
|
|
|i mdedup
|
| 936 |
r |
v |
|a DI 1000
|b Allgemeines und Deutschland
|k Pädagogik
|k Bildungspolitik, Kulturpolitik
|k Bildungs- und Kulturpolitik, Allgemeines
|k Allgemeines und Deutschland
|0 (DE-627)127070902X
|0 (DE-625)rvk/19574:761
|0 (DE-576)20070902X
|
| 936 |
b |
k |
|a 79.62
|j Kulturarbeit
|0 (DE-627)106411446
|
| 951 |
|
|
|a BO
|
| 980 |
|
|
|2 20
|1 01
|x 0084
|b 251734838
|c 00
|f S3
|d 9.7 Sti
|e i
|j --%%--
|y riS3
|z 30-05-16
|
| 980 |
|
|
|2 22
|1 01
|x 0018
|b 618992901
|c 00
|f 18/307-a
|d C 4/10080
|e c
|j --%%--
|y zi30716
|z 20-10-03
|
| 980 |
|
|
|2 22
|1 02
|x 0018
|b 544248465
|c 00
|f SUB-SBHH
|d N165303
|e u
|j --%%--
|c 03
|f --%%--
|d GW BFE 14/10
|e --%%--
|j --%%--
|h SBHH180392022
|y zu
|z 29-01-02
|
| 980 |
|
|
|2 24
|1 01
|x 0008
|b 517481170
|c 00
|f 16
|d Ax 3341
|e u
|j --%%--
|h ee
|y zz1
|z 27-03-02
|
| 980 |
|
|
|2 39
|1 01
|x 0547
|b 34652430X
|c 00
|f MAG
|d 356000
|e u
|j --%%--
|c 05
|f --%%--
|d Bibliothek der Pädagogischen Hochschule Erfurt
|e --%%--
|j --%%--
|y zet7
|z 18-10-99
|
| 980 |
|
|
|2 40
|1 01
|x 7/044
|b 13411194X
|c 00
|f BBW-DID
|d Sem SK 10,30 Sti
|e c
|j --%%--
|y zi160
|z 19-10-94
|
| 980 |
|
|
|2 62
|1 01
|x 0028
|b 227922905
|c 00
|f 28/BB3
|d MG 15930 T355-4
|e u
|j --%%--
|c 09
|f --%%--
|d 96 A 34385
|e --%%--
|j --%%--
|y zbb3
|z 07-02-97
|
| 980 |
|
|
|2 65
|1 01
|x 3/10
|b 25385315X
|c 00
|f Ha 10
|d E F 282
|e u
|j --%%--
|y na044
|z 31-08-97
|
| 980 |
|
|
|2 70
|1 01
|x 89/15
|b 156537265
|c 00
|f FBE
|d 95-959
|e u
|j --%%--
|y zce
|z 11-09-95
|
| 980 |
|
|
|2 90
|1 01
|x 3090
|b 153168277
|c 00
|f MAGAZIN
|d 16 : 52714
|e u
|j --%%--
|y z
|z 15-08-95
|
| 980 |
|
|
|2 90
|1 02
|x 3090
|b 1240224036
|c 00
|f HA
|d Domäne Theater
|e i
|j --%%--
|k Mit Widmung des Autors
|y z
|z 04-05-11
|
| 980 |
|
|
|2 132
|1 01
|x 0959/1
|b 382851862
|c 00
|f W
|d PDH 206 050
|e u
|j --%%--
|y kw
|z 15-03-00
|
| 980 |
|
|
|2 132
|1 02
|x 0959/4
|b 1311183892
|c 00
|f L
|d IER 37
|e u
|j --%%--
|y kl
|z 10-07-12
|
| 980 |
|
|
|2 151
|1 01
|x 0546
|b 301420769
|c 00
|f LS
|d DI 1000 S859
|e g
|j --%%--
|y z
|z 25-11-96
|
| 980 |
|
|
|2 151
|1 02
|x 0546
|b 301420777
|c 00
|f LS
|d DI 1000 S859
|e u
|j --%%--
|y z
|z 25-11-96
|
| 980 |
|
|
|2 161
|1 01
|x 960/7
|b 711471223
|c 00
|f DGS Magazin
|d E Me 355
|e u
|j --%%--
|y nd
|z 03-03-05
|
| 980 |
|
|
|2 165
|1 01
|x 0834
|b 854942092
|c 00
|f --%%--
|d E 7.6 Sti 1
|e u
|j --%%--
|y x
|z 10-01-08
|
| 980 |
|
|
|2 165
|1 02
|x 0834
|b 842541969
|c 00
|f Archiv
|d Archiv E 7.6 Sti 1+1
|e g
|j --%%--
|c 09
|f --%%--
|d E 7.6 Sti 1+1
|e --%%--
|j --%%--
|y x
|z 10-01-08
|
| 980 |
|
|
|2 181
|1 01
|x 3181/050
|b 920732240
|c 00
|f IFM
|d E.1.1a.Stin
|e i
|j --%%--
|y rb050
|z 09-02-09
|
| 980 |
|
|
|2 183
|1 01
|x 3517
|b 504814524
|c 00
|f H216
|d Allg 460/8
|e c
|j --%%--
|y zb21602
|z 20-07-01
|
| 980 |
|
|
|2 186
|1 01
|x 0519
|b 474952398
|c 00
|f FH
|d 25:IACE-136
|e u
|j --%%--
|y z
|z 20-03-01
|
| 980 |
|
|
|2 186
|1 02
|x 0519
|b 474952401
|c 00
|f FH
|d 25:IACE-136
|e u
|j --%%--
|y z
|z 20-03-01
|
| 980 |
|
|
|2 235
|1 01
|x 3235/007
|b 269524592
|c 00
|f MWK
|d Allg 412,4
|e --%%--
|j --%%--
|y zM07
|z 13-01-98
|
| 980 |
|
|
|2 350
|1 01
|x 8293
|b 4298204413
|c 00
|f MAG1
|d Ad 730 -4
|e i
|j --%%--
|y z
|z 27-03-23
|
| 980 |
|
|
|2 2002
|1 01
|x DE-21-52
|b 3205783298
|c 00
|f --%%--
|d Af 499-99
|e p
|j --%%--
|y l01
|z 26-08-05
|
| 980 |
|
|
|2 2005
|1 01
|x DE-Sa16
|b 3086676302
|c 00
|f --%%--
|d DW 2000 Sti
|e --%%--
|j --%%--
|y l01
|z 12-10-10
|
| 980 |
|
|
|2 2006
|1 01
|x DE-14
|b 3205783379
|c 00
|f --%%--
|d --%%--
|e --%%--
|j --%%--
|y l01
|z 24-05-94
|
| 980 |
|
|
|2 2007
|1 01
|x DE-352
|b 3205783425
|c 00
|f --%%--
|d erz 925.50/s93
|e --%%--
|j --%%--
|y l01
|z 22-10-93
|
| 980 |
|
|
|2 2011
|1 01
|x DE-16
|b 3205783484
|c 00
|f --%%--
|d 94 A 1148
|e --%%--
|j --%%--
|y l01
|z 08-03-94
|
| 980 |
|
|
|2 2014
|1 01
|x DE-90
|b 3086676396
|c 00
|f --%%--
|d 95 A 3280
|e --%%--
|j --%%--
|y l01
|z 03-11-95
|
| 980 |
|
|
|2 2018
|1 01
|x DE-31
|b 3205783573
|c 00
|f --%%--
|d 94 A 1502
|e --%%--
|j --%%--
|k 28.06.94/ra
|y l01
|z 28-06-94
|
| 980 |
|
|
|2 2020
|1 01
|x DE-Ch1
|b 3086676477
|c 00
|f --%%--
|d DW 2000 sti
|e --%%--
|j --%%--
|y l01
|z 31-05-96
|
| 980 |
|
|
|2 2031
|1 01
|x DE-Lg1
|b 3205783743
|c 00
|f --%%--
|d Paed 3u Sti
|e --%%--
|j l
|y l01
|z 11-09-13
|
| 980 |
|
|
|2 2031
|1 02
|x DE-Lg1
|b 3086676531
|c 00
|f --%%--
|d Paed 3u Sti
|e --%%--
|j l
|y l01
|z 19-06-00
|
| 980 |
|
|
|2 2038
|1 01
|x DE-752
|b 3205783794
|c 00
|f --%%--
|d 27.619
|e --%%--
|j --%%--
|k 23 cm
|y l01
|z 15-01-99
|
| 980 |
|
|
|2 2057
|1 01
|x DE-L189
|b 3086676728
|c 00
|f --%%--
|d --%%--
|e --%%--
|j --%%--
|y l01
|z 13-09-96
|
| 980 |
|
|
|2 2337
|1 01
|x DE-D15
|b 4623539237
|c 00
|f --%%--
|d 16/389
|e p
|j --%%--
|y l01
|z 27-11-24
|
| 980 |
|
|
|2 2446
|1 01
|x DE-Rt3
|b 3086676906
|c 00
|f --%%--
|d Rka Sti
|e --%%--
|j --%%--
|y l01
|z 09-07-13
|
| 982 |
|
|
|2 20
|1 00
|x DE-84
|8 00
|a Kulturpädagogik
|
| 982 |
|
|
|2 151
|1 00
|x DE-546
|8 00
|a Kulturpädagogik
|
| 982 |
|
|
|2 161
|1 00
|x DE-960
|8 00
|0 (DE-627)480830258
|a Kulturarbeit
|
| 982 |
|
|
|2 161
|1 00
|x DE-960
|8 01
|0 (DE-627)480830274
|a Kulturpolitik
|
| 982 |
|
|
|2 161
|1 00
|x DE-960
|8 02
|0 (DE-627)480829039
|a Jugendkultur
|
| 982 |
|
|
|2 161
|1 00
|x DE-960
|8 03
|0 (DE-627)480826455
|a Ästhetische Erziehung
|
| 982 |
|
|
|2 186
|1 00
|x DE-519
|8 00
|a Kulturpädagogische Praxis
|
| 982 |
|
|
|2 186
|1 00
|x DE-519
|8 01
|a Jugendkulturen
|
| 982 |
|
|
|2 186
|1 00
|x DE-519
|8 02
|a Kultur und Bildung
|
| 982 |
|
|
|2 186
|1 00
|x DE-519
|8 03
|a Soziokultur
|
| 982 |
|
|
|2 235
|1 00
|x DE-616
|8 00
|a Kulturpädagogik
|
| 982 |
|
|
|2 235
|1 00
|x DE-616
|8 01
|a Stadt / Kultur
|
| 982 |
|
|
|2 235
|1 00
|x DE-616
|8 02
|a Kulturpolitik
|
| 982 |
|
|
|2 235
|1 00
|x DE-616
|8 03
|a Metropole
|
| 982 |
|
|
|2 2337
|1 01
|x DE-D15
|8 00
|s s
|a Kulturpädagogik
|
| 982 |
|
|
|2 2337
|1 01
|x DE-D15
|8 01
|s s
|a Großstadt
|
| 982 |
|
|
|2 2446
|1 01
|x DE-Rt3
|8 00
|s s
|a Kulturpädagogik
|
| 983 |
|
|
|2 24
|1 01
|x 0008
|8 50
|a pae 254
|
| 983 |
|
|
|2 39
|1 00
|x DE-547
|8 01
|a DG 9000
|
| 983 |
|
|
|2 90
|1 00
|x DE-Hil2
|8 00
|a KUL 750
|
| 983 |
|
|
|2 132
|1 01
|x 0959/1
|8 00
|a PDH
|
| 983 |
|
|
|2 132
|1 02
|x 0959/4
|8 00
|a IER
|
| 983 |
|
|
|2 132
|1 02
|x 0959/4
|8 01
|a AFL
|
| 983 |
|
|
|2 132
|1 02
|x 0959/4
|8 02
|a NZW
|
| 983 |
|
|
|2 151
|1 00
|x DE-546
|8 00
|a DI 1000
|
| 983 |
|
|
|2 165
|1 00
|x DE-834
|8 00
|a E 7.6
|
| 983 |
|
|
|2 2020
|1 01
|x DE-Ch1
|8 00
|0 (DE-627)1291932429
|a DW 2000
|
| 983 |
|
|
|2 2020
|1 01
|x DE-Ch1
|8 01
|0 (DE-627)1292247568
|a DI 1000
|
| 983 |
|
|
|2 2020
|1 01
|x DE-Ch1
|8 02
|0 (DE-627)1291807012
|a DF 3000
|
| 983 |
|
|
|2 2038
|1 01
|x DE-752
|8 00
|0 (DE-627)1296265935
|a J pn 39
|
| 983 |
|
|
|2 2038
|1 01
|x DE-752
|8 01
|0 (DE-627)1295262363
|a G ml 22
|
| 983 |
|
|
|2 2038
|1 01
|x DE-752
|8 02
|0 (DE-627)1297363957
|a J pn 49
|
| 983 |
|
|
|2 2038
|1 01
|x DE-752
|8 03
|0 (DE-627)1295807572
|a J to
|
| 983 |
|
|
|2 2038
|1 01
|x DE-752
|8 04
|0 (DE-627)1295906872
|a J pn 563
|
| 983 |
|
|
|2 2057
|1 01
|x DE-L189
|8 00
|0 (DE-627)1295930315
|a DK 37.013 rosa
|
| 983 |
|
|
|2 2057
|1 01
|x DE-L189
|8 01
|0 (DE-627)1292699124
|a DK 37.013.43
|
| 984 |
|
|
|2 22
|1 01
|x 0018
|a 066341262
|
| 984 |
|
|
|2 22
|1 02
|x 0018
|a 081577259
|
| 984 |
|
|
|2 24
|1 01
|x 0008
|a 8$0004087720
|
| 984 |
|
|
|2 39
|1 01
|x 0547
|a 547$006070418
|
| 984 |
|
|
|2 40
|1 01
|x 7/044
|a 000109044
|
| 984 |
|
|
|2 62
|1 01
|x 0028
|a 28$006627897
|
| 984 |
|
|
|2 65
|1 01
|x 3/10
|a 3/44$000626260
|c 01
|
| 984 |
|
|
|2 70
|1 01
|x 89/15
|a HV15$01507028
|
| 984 |
|
|
|2 90
|1 01
|x 3090
|a HIL2$95034579
|
| 984 |
|
|
|2 90
|1 02
|x 3090
|a HIL2$04125029
|
| 984 |
|
|
|2 132
|1 01
|x 0959/1
|a 959$7200366
|
| 984 |
|
|
|2 132
|1 02
|x 0959/4
|a 959$2617595
|
| 984 |
|
|
|2 151
|1 01
|x 0546
|a 00032569
|
| 984 |
|
|
|2 151
|1 02
|x 0546
|a 00032568
|
| 984 |
|
|
|2 161
|1 01
|x 960/7
|a 993$0476242
|
| 984 |
|
|
|2 165
|1 01
|x 0834
|a 834$0082562X
|
| 984 |
|
|
|2 165
|1 02
|x 0834
|a 834$00825611
|
| 984 |
|
|
|2 183
|1 01
|x 3517
|a 092131570
|
| 984 |
|
|
|2 186
|1 01
|x 0519
|a 519$01045806
|
| 984 |
|
|
|2 186
|1 02
|x 0519
|a 519$01040960
|
| 984 |
|
|
|2 350
|1 01
|x 8293
|a 8293000537801
|
| 985 |
|
|
|2 20
|1 01
|x 0084
|a SP 4197
|
| 985 |
|
|
|2 22
|1 01
|x 0018
|a 2003:1141
|
| 985 |
|
|
|2 22
|1 02
|x 0018
|a 474
|
| 985 |
|
|
|2 39
|1 01
|x 0547
|a 1999005859
|
| 985 |
|
|
|2 40
|1 01
|x 7/044
|a 94.644
|
| 985 |
|
|
|2 62
|1 01
|x 0028
|a 96 A 34385
|
| 985 |
|
|
|2 62
|1 01
|x 0028
|a 28/612
|
| 985 |
|
|
|2 65
|1 01
|x 3/10
|a 94.0098/01-02
|
| 985 |
|
|
|2 90
|1 01
|x 3090
|a 95:03457
|
| 985 |
|
|
|2 90
|1 02
|x 3090
|a 11:05549
|
| 985 |
|
|
|2 132
|1 01
|x 0959/1
|a 206050
|
| 985 |
|
|
|2 132
|1 02
|x 0959/4
|a 103103073
|
| 985 |
|
|
|2 161
|1 01
|x 960/7
|a 1994/0142
|
| 985 |
|
|
|2 165
|1 01
|x 0834
|a 1687/2007-G
|
| 985 |
|
|
|2 165
|1 02
|x 0834
|a 1688/2007-G
|
| 985 |
|
|
|2 181
|1 01
|x 3181/050
|a IFM 95.196x
|
| 985 |
|
|
|2 183
|1 01
|x 3517
|a 1028/01
|
| 985 |
|
|
|2 186
|1 01
|x 0519
|a 4538/00
|
| 985 |
|
|
|2 186
|1 02
|x 0519
|a 4539/00
|
| 985 |
|
|
|2 235
|1 01
|x 3235/007
|a 9800025
|
| 985 |
|
|
|2 350
|1 01
|x 8293
|a 2023/0283
|
| 985 |
|
|
|2 2002
|1 01
|x DE-21-52
|a 94/65
|
| 985 |
|
|
|2 2005
|1 01
|x DE-Sa16
|a R-10/0564
|
| 985 |
|
|
|2 2337
|1 01
|x DE-D15
|a 10:8
|
| 995 |
|
|
|2 22
|1 02
|x 0018
|a SBHH180392022
|
| 995 |
|
|
|2 24
|1 01
|x 0008
|a ee
|